| 000 | 01081cam a2200265 a 4500 | ||
|---|---|---|---|
| 001 | 000008281 | ||
| 005 | 20200929161325.0 | ||
| 008 | 760817s1981 sp a b 000 f spa | ||
| 020 | _a8423920097 | ||
| 040 |
_aDO-SdBNP _bBNPHU _dCatalogación / noche _dDLC |
||
| 082 |
_a863.6 _bA996c, 1981 |
||
| 100 | 1 |
_aAzorín, _d1873-1967 _qMartínez Ruiz, José, _922421 |
|
| 245 | 1 | 4 |
_aLas confesiones de un pequeño filósofo / _cJosé Martínez Ruiz "Azorín" ; prólogo de José María Martínez Cachero. |
| 250 | _a3a. ed. | ||
| 260 |
_aMadrid : _bEspasa-Calpe, _c1981. |
||
| 300 |
_a181 p. : _bil. ; _c18 cm. |
||
| 490 | 1 |
_aSelecciones austral _v9 _aBiografía |
|
| 504 | _aIncluye referencias bibliográficas, índice de contenido e índice de títulos publicados de la serie¨Selecciones austral¨ | ||
| 650 | 4 |
_aNovela española _91123 |
|
| 650 | 4 |
_aLiteratura española _9632 |
|
| 700 | 1 |
_aMartínez Ruiz, José _922422 |
|
| 700 | 1 |
_aMartínez Cachero, José María, _eprol. _921994 |
|
| 830 | 0 |
_aSelecciones austral ; _v9 _pBiografía. _922423 |
|
| 910 | _aCatalogación derivada / LC | ||
| 999 |
_c8052 _d8052 |
||